| 000 | 01453nam a22002057a 4500 | ||
|---|---|---|---|
| 003 | BD-DhUL | ||
| 005 | 20190515111331.0 | ||
| 008 | 190514s bg a|||| m||| 00| 0 ben d | ||
| 040 |
_aBD-DhUL _cBD-DhUL |
||
| 082 |
_a305.89144 _bASB |
||
| 100 | _aআসাদুজ্জামান, মুহাম্মদ। | ||
| 245 | 0 |
_aবাংলাদেশে পাত্র সম্প্রদায়ের ভাষা ও সংস্কৃতি : একটি নৃ-ভাষাবৈজ্ঞানিক বিশ্লেষণ = (The language and culture of Patro Community of Bangladesh : an anthropo linguistic analysis) / _cমুহাম্মদ আসাদুজ্জামান। _h[পিএইচ. ডি. অভিসন্দর্ভ ] |
|
| 260 |
_aঢাকা : _bঢাকা বিশ্ববিদ্যালয়, _c২০১৮। |
||
| 300 |
_a[১৪], ২২২ পৃ. : _bরঙিন চিত্র ; _c৩০ সেমি। |
||
| 502 | _aঅভিসন্দর্ভ (পিএইচ. ডি.)-- ভাষাবিজ্ঞান বিভাগ, ঢাকা বিশ্ববিদ্যালয়, শিক্ষাবর্ষ: ২০১২-২০১৩ | ||
| 504 | _aগ্রন্থপঞ্জি: পৃ. ১৭৪-১৮১ | ||
| 650 | 0 |
_aনৃ-গোষ্ঠী (পাত্র) _zবাংলাদেশ। |
|
| 650 | 0 |
_aEthnic group (Patro) _zBangladesh. |
|
| 942 |
_2ddc _cBK |
||
| 999 |
_c248144 _d248144 |
||